Agnatic Ancestors of King Charles III - Statistics

General Stats
  • This quiz has been taken 132 times
  • The average score is 12 of 26
Answer Stats
Generation Name House Lifeyears Role(s) - including Former Roles % Correct
Generation 10 August Philipp Oldenburg 1612 - 1675 Duke of Schleswig-Holstein-Sonderburg-Beck
99%
Generation 1 - Father Philip Glucksburg (until 1947) Mountbatten (from 1947) 1921 - 2021 - Prince of Greece and Denmark - Consort of the British Monarch - Duke of Edinburgh - Earl of Merioneth - Baron Greenwich
99%
Generation 3 - Great Grandfather George I Glucksburg 1845 - 1913 King of the Hellenes (Greece) Prince of Denmark
76%
Generation 9 Frederick Louis Oldenburg 1653 - 1728 Duke of Schleswig-Holstein-Sonderburg-Beck
66%
Generation 2 - Grandfather Andrew Glucksburg 1882 - 1944 Prince of Greece and Denmark
65%
Generation 6 Friedrich Karl Ludwig Schleswig-Holstein-Sonderburg-Beck (Oldenburg) 1757 - 1816 Duke of Schleswig-Holstein-Sonderburg-Beck
62%
Generation 5 Friedrich Wilhelm Glucksburg 1785 - 1831 - Duke of Schleswig-Holstein-Sonderburg-Beck - Duke of Schleswig-Holstein-Sonderburg-Glucksburg
61%
Generation 14 Frederick I Oldenburg 1471 - 1533 - King of Denmark and Norway - Duke of Schleswig and Holstein
59%
Generation 15 Christian I Oldenburg 1426 - 1481 - King of Denmark, Sweden and Norway (Kalmar Union) - Duke of Schleswig and Holstein
56%
Generation 24 Christian I Oldenburg ... - 1167 Count of Oldenburg
56%
Generation 22 Christian II Oldenburg ... - 1233 Count of Oldenburg
56%
Generation 13 Christian III Oldenburg 1503 - 1559 - King of Denmark and Norway - Duke of Schleswig and Holstein
56%
Generation 20 Christian III Oldenburg ... - 1285 Count of Oldenburg
56%
Generation 4 Christian IX Glucksburg 1818 - 1906 - King of Denmark - Duke of Schleswig-Holstein-Lauenburg
56%
Generation 17 Christian V Oldenburg 1342 - 1399 Count of Oldenburg
56%
Generation 7 Karl Anton August Schleswig-Holstein-Sonderburg-Beck (Oldenburg) 1727 - 1759 Duke of Schleswig-Holstein-Sonderburg-Beck
48%
Generation 8 Peter August Schleswig-Holstein-Sonderburg-Beck (Oldenburg) 1697 - 1775 Duke of Schleswig-Holstein-Sonderburg-Beck
43%
Generation 21 John I Oldenburg 1204 - 1270 Count of Oldenburg
36%
Generation 12 John II Oldenburg 1545 - 1622 Duke of Schleswig-Holstein-Sonderburg
36%
Generation 19 John II Oldenburg ... - 1316 Count of Oldenburg
36%
Generation 11 Alexander Oldenburg 1573 - 1627 Duke of Schleswig-Holstein-Sonderburg
20%
Generation 23 Maurice Oldenburg 1145 - 1211 Count of Oldenburg
10%
Generation 18 Conrad I Oldenburg ... - 1367 Count of Oldenburg
9%
Generation 16 Dietrich (Theoderic) Oldenburg 1398 - 1440 Count of Oldenburg and Delmenhorst
7%
Generation 26 Elimar I Oldenburg 1040 - 1112 Count of Oldenburg
7%
Generation 25 Elimar II Oldenburg ... - 1142 Count of Oldenburg
7%
No matching quizzes found
Score Distribution
Percent of People with Each Score
Percentile by Number Answered
Your Score History
You have not taken this quiz